000 00630nam a2200181Ia 4500
008 100917s9999 xx 000 0 und d
082 _b3273
100 _aसावरकर स्वातंत्र्यवीर
245 _aचाफेकर नि रानडे यांजवर फटका
260 _b---
_c1946
300 _a17
365 _b0.06
520 _aकविता
630 _aचाफेकर नि रानडे यांजवर फटका
650 _aकविता
730 _aचाफेकर नि रानडे यांजवर फटका
942 _cBOOK
999 _c608667
_d608664